Former countries in Asia - Statistics

General Stats
  • This quiz has been taken 13 times
  • The average score is 5 of 15
Answer Stats
Hint Answer % Correct
The only communist Arab state. South Yemen
89%
Founded by a descendant of Timur and Genghis Khan. Mughal Empire
78%
Island kingdom formally annexed by Japan in 19th century. Ryukyu
56%
Situated between Nepal and Bhutan. Sikkim
56%
Hashemite kingdom conquered by the Saudis. Hejaz
44%
Annexed by it's northern counterpart. South Vietnam
44%
Today officially known as Rakhine. Arakan
33%
Former Malay Kingdom in southern Thailand. Patani
33%
Founded by a British adventurer on Northern Borneo. Raj of Sarawak
33%
Also known as the Kingdom of Assam Ahom
22%
Last independent monarchy in Sri Lanka. Kandy
22%
Last nomadic empire. Dzungar Khanate
11%
Islamic kingdom established by rebels in southwest China. Pingnan Guo
11%
Established by a man claiming to be the younger brother of Jesus. Taiping Heavenly Kingdom
11%
First unified polity in Balochistan. Kalat
0%
No matching quizzes found
Score Distribution
Percent of People with Each Score
Percentile by Number Answered
Your Score History
You have not taken this quiz